Lacnejšie lieky chudobným

Nové kolo rozhovorov o liberalizácii svetového obchodu WTO v Cancúne. Diskusia o bariérach a dotáciách pre poľnohospodárov v rozvojových krajinách. Očakávania Svetovej banky. Štruktúra medzinárodného obchodu s poľnohospodárskymi produktami a najproblematickejšie komodity. Obchodné prekážky a chudoba...

Descrizione completa

Salvato in:
Dettagli Bibliografici
Autore principale: Molnárová, Elena
Natura: Capitolo di libro
Lingua:slovacco
Soggetti:
Tags: Aggiungi Tag
Nessun Tag, puoi essere il primo ad aggiungerne!!

MARC

LEADER 00000naa$a2200000$$$4500
001 0002488
005 20230925124051.2
041 0 |a slo 
044 |a SK 
245 1 0 |a Lacnejšie lieky chudobným  |c aut. Elena Molnárová 
520 |a Nové kolo rozhovorov o liberalizácii svetového obchodu WTO v Cancúne. Diskusia o bariérach a dotáciách pre poľnohospodárov v rozvojových krajinách. Očakávania Svetovej banky. Štruktúra medzinárodného obchodu s poľnohospodárskymi produktami a najproblematickejšie komodity. Obchodné prekážky a chudoba. 
610 2 0 |a obchod zahraničný 
610 2 0 |a obchod svetový 
610 2 0 |a organizácie medzinárodné 
610 2 0 |a konferencie 
610 2 0 |a poľnohospodárstvo 
610 2 0 |a krajiny rozvojové 
610 2 0 |a bariéry obchodu zahraničného 
610 2 0 |a clá 
610 2 0 |a dovoz 
610 2 0 |a dotácie 
610 2 0 |a Svetová obchodná organizácia 
610 2 0 |a Cancún 
100 1 |a Molnárová, Elena